000 002580000a22000970004500
100 1 _aCotterell, Peter (1930-)
245 1 0 _aHermeneutics : Some linguistic considerations
300 _aVol. 13, Nñum 3 (1995), Páginas 78-73
773 0 _tEvangel
942 _cANA
999 _c54202
_d54202